| 000 -LEADER |
| fixed length control field |
01482 a2200301 4500 |
| 003 - CONTROL NUMBER IDENTIFIER |
| control field |
Nust |
| 005 - DATE AND TIME OF LATEST TRANSACTION |
| control field |
20221128133551.0 |
| 010 ## - LIBRARY OF CONGRESS CONTROL NUMBER |
| LC control number |
98041717 |
| 020 ## - INTERNATIONAL STANDARD BOOK NUMBER |
| International Standard Book Number |
0780334965 |
| 040 ## - CATALOGING SOURCE |
| Transcribing agency |
Nust |
| 082 00 - DEWEY DECIMAL CLASSIFICATION NUMBER |
| Classification number |
621.3815,ELE |
| 245 00 - TITLE STATEMENT |
| Title |
Electronic and photonic circuits and devices / |
| Statement of responsibility, etc. |
edited by Ronald W. Waynant, John K. Lowell. |
| 260 ## - PUBLICATION, DISTRIBUTION, ETC. |
| Place of publication, distribution, etc. |
New York : |
| Name of publisher, distributor, etc. |
Institute of Electrical and Electronics Engineers, |
| Date of publication, distribution, etc. |
c1999. |
| 300 ## - PHYSICAL DESCRIPTION |
| Extent |
ix, 217 p. : |
| Other physical details |
ill. ; |
| Dimensions |
28 cm. |
| 440 #0 - SERIES STATEMENT/ADDED ENTRY--TITLE |
| Title |
IEEE Press series on microelectronic systems |
| 9 (RLIN) |
99208 |
| 505 ## - FORMATTED CONTENTS NOTE |
| Formatted contents note |
Integrated Circuit Technology (Page-11), Integrated Circuit Manufacturing and Novel Circuit Design (Page-47), Optical Technology (Page-91), Optoelectronic Integrated Circuit Device Technology (Page-133), Optical Fiber (Page-165), Optical Communication and Switching (Page-187). |
| 650 #0 - SUBJECT ADDED ENTRY--TOPICAL TERM |
| Topical term or geographic name entry element |
Electronic circuits. |
| 650 #0 - SUBJECT ADDED ENTRY--TOPICAL TERM |
| Topical term or geographic name entry element |
Optoelectronic devices. |
| 9 (RLIN) |
41550 |
| 650 #0 - SUBJECT ADDED ENTRY--TOPICAL TERM |
| Topical term or geographic name entry element |
Telecommunication engineering |
| 700 1# - ADDED ENTRY--PERSONAL NAME |
| Personal name |
Lowell, John. |
| 9 (RLIN) |
103688 |
| 700 1# - ADDED ENTRY--PERSONAL NAME |
| Personal name |
Waynant, Ronald W. |
| 9 (RLIN) |
103689 |
| 710 2# - ADDED ENTRY--CORPORATE NAME |
| Corporate name or jurisdiction name as entry element |
Components, Packaging & Manufacturing Technology Society. |
| 9 (RLIN) |
103690 |
| 710 2# - ADDED ENTRY--CORPORATE NAME |
| Corporate name or jurisdiction name as entry element |
IEEE Circuits and Systems Society. |
| 9 (RLIN) |
103691 |
| 856 42 - ELECTRONIC LOCATION AND ACCESS |
| Materials specified |
Contributor biographical information |
| Uniform Resource Identifier |
<a href="http://www.loc.gov/catdir/bios/wiley046/98041717.html">http://www.loc.gov/catdir/bios/wiley046/98041717.html</a> |
| 856 42 - ELECTRONIC LOCATION AND ACCESS |
| Materials specified |
Publisher description |
| Uniform Resource Identifier |
<a href="http://www.loc.gov/catdir/description/wiley0310/98041717.html">http://www.loc.gov/catdir/description/wiley0310/98041717.html</a> |
| 856 42 - ELECTRONIC LOCATION AND ACCESS |
| Materials specified |
Table of Contents |
| Uniform Resource Identifier |
<a href="http://www.loc.gov/catdir/toc/onix07/98041717.html">http://www.loc.gov/catdir/toc/onix07/98041717.html</a> |
| 942 ## - ADDED ENTRY ELEMENTS (KOHA) |
| Source of classification or shelving scheme |
|
| Koha item type |
Book |